Titi D'or du Psg depuis 2007 - Statistiques

Statistiques générales
  • Ce quiz a été pris 250 fois
    102 depuis la dernière actualisation
  • Le résultat moyen est 6 sur 17
Statistiques - réponses
Année Joueur Poste Nationalité % Correct
2022 WarrenZaire - Emery M France
92%
2023 SennyMayulu M France
90%
2024 IbrahimMbaye A France
74%
2013 KingsleyComan A France
49%
2012 KingsleyComan A France
49%
2016 MoussaDiaby A France
47%
2009 AlphonseAreola G France
36%
2014 Jean - KevinAugustin A France
35%
2011 HervinOngenda A France
29%
2008 HervinOngenda A France
29%
2020 ArnaudKalimuendo A France
26%
2019 Tanguy Nianzou D France
21%
2015 OdsonneEdouard A France
18%
2017 YacineAdli M France
18%
2018 ArthurZagre D France
16%
2021 AymanKari M France
16%
2007 AbdelazizBarrada M Maroc
5%
Aucun quiz correspondant
Distribution des résultats
% des personnes avec chaque résultat
Percentile par nombre de réponses
Votre historique - résultats
Vous n’avez pas pris ce quiz depuis la dernière actualisation